Алдагдсан цагийн тэнгис (Бичлэгийн дугаар. 1066234)
[ энгийн харах ]
| 000 -Удирдлага | |
|---|---|
| Ном зүйн бүртгэл тоо буюу кодлох утгыг агуулсан | 00863nam a22002177a 4500 |
| 008 - ЕРӨНХИЙ МЭДЭЭЛЭЛ-ЭЛЕМЕНТҮҮДИЙН ӨГӨГДЛИЙН УРТ | |
| fixed length control field | 240702b mp ||||| |||| 00| 0 mon d |
| 035 ## - СИСТЕМИЙН ХЯНАЛТЫН ДУГААР | |
| Системийн хяналтын дугаар | 8084 |
| 040 ## - ЭХ СУРВАЛЖИЙГ ТОДОРХОЙЛОН БИЧИХ | |
| Анхны каталогийн байгууллага | SU1322070 |
| Каталогийн хэл | Монгол |
| Бичлэг хийж нэвтрүүлэх байгууллага | MN-UlNLM |
| Өөрчлүүлэх байгууллага | MN-UlNLM |
| Бичиглэлийн тодорхойлолт | rda |
| 041 ## - ХЭЛНИЙ КОД | |
| Текстийн хэлний код/фонограм буюу салангид гарчиг | Монгол |
| 042 ## - AUTHENTICATION CODE | |
| Authentication code | 42165 |
| 084 ## - БУСАД АНГИЛЛЫН ДУГААР | |
| Ангиллын нэр | Номын сан номзүйн ангилал |
| Анги | 84(7Кол) |
| Зохиогчийн 3-н тэмдэгт | М-263 |
| 100 ## - ЗОХИОГЧИЙН ХЭСЭГ | |
| Зохиогчийн нэр | Маркес Г Г. |
| 245 #0 - ҮНДСЭН ГАРЧИГ | |
| Гарчиг | Алдагдсан цагийн тэнгис |
| 264 ## - ГАРАЛТЫН МЭДЭЭ | |
| Хэвлэгдсэн газар | Улаанбаатар хот |
| Бүтээгч, хэвлэгч, түгээгч, үйлдвэрлэгчийн нэр | Мөнхийн үсэг групп |
| 300 ## - ТООНЫ МЭДЭЭ | |
| Хуудасны тоо | 100х. |
| 336 ## - АГУУЛГЫН ТӨРӨЛ | |
| Нөөц | rdacontent |
| Агуулгын төрлийн нөхцөл | text |
| Агуулгын төрлийн код | txt |
| 337 ## - MEDIA TYPE | |
| Эх сурвалж | rdamedia |
| Файлын төрөл | unmediated |
| Файлын код | n |
| 338 ## - CARRIER TYPE | |
| Source | rdacarrier |
| Carrier type term | volume |
| Carrier type code | nc |
| 650 ## - Сэдэв | |
| Сэдэв | Гарчиг : Ирендира охины итгэмээргүй гунигт түүх Хиймэл сарнай Нэгэн өдрийн явдал Алдагдсан цагийн тэнгис Зургаан цагт ирсэн... |
| 942 ## - ЭЛЕМЕНТИЙН ТӨРӨЛ | |
| Анги | Номын сан номзүйн ангилал |
| Төрөл | Ном |
| Буцаан татагдсан төлөв | Хасагдсан шалтгаан | Гэмтсэн төлөв | Данс заагч | Захиалах боломжгүй | Үндсэн номын сан | Одоогийн байршил | Салбар танхим | Салбар танхим | Бүртгэсэн огноо | Тавиурын заалт | Баркод | Үнэ | Хамгийн сүүлд байсан огноо | Нийт уншлаганд гарсан тоо | Дансны дугаар | Төрөл |
|---|---|---|---|---|---|---|---|---|---|---|---|---|---|---|---|---|
| Сүхбаатар аймаг | Сүхбаатар аймаг | Сүхбаатар | Үндсэн сан хөмрөг | Сүхбаатар | Үндсэн сан хөмрөг | 2024-07-04 | 84(7Кол) М-263 | SU1328084-1-1 | 2500.00 | 2024-07-04 | 39691 | Ном | ||||||
| Сүхбаатар аймаг | Сүхбаатар аймаг | Сүхбаатар | Гэрээр ном олгох танхим | Сүхбаатар | Гэрээр ном олгох танхим | 2024-07-04 | 84(7Кол) М-263 | SU1328084-2-1 | 2500.00 | 2024-07-04 | 39581 | Ном | ||||||
| Сүхбаатар аймаг | Сүхбаатар аймаг | Сүхбаатар | Гэрээр ном олгох танхим | Сүхбаатар | Гэрээр ном олгох танхим | 2024-07-04 | 84(7Кол) М-263 | SU1328084-2-2 | 2500.00 | 2024-07-04 | 39582 | Ном | ||||||
| Сүхбаатар аймаг | Сүхбаатар аймаг | Сүхбаатар | Нийтийн уншлагын танхим | Сүхбаатар | Нийтийн уншлагын танхим | 2024-07-04 | 84(7Кол) М-263 | SU1328084-3-1 | 2500.00 | 2024-07-04 | 39580 | Ном |